Normal view
MARC view
Entry Topical Term
001 - CONTROL NUMBER
- control field: 755001
003 - CONTROL NUMBER IDENTIFIER
- control field: OSt
005 - DATE AND TIME OF LATEST TRANSACTION
- control field: 20250507130139.0
008 - FIXED-LENGTH DATA ELEMENTS
- fixed length control field: 250507|| aca||aabn | a|a d
040 ## - CATALOGING SOURCE
- Original cataloging agency: OSt
- Transcribing agency: OSt
150 ## - HEADING--TOPICAL TERM
- Topical term or geographic name entry element: Women in Education; Marriage and Family; Women in Politics; Women in employment; Diss
670 ## - SOURCE DATA FOUND
- Source citation: Work cat.: (OSt)1317977: Gulati Manjula, Changing status of women in China 1966-76 V.C. Bhutani, 1995
